[Event "XIII Festival A"]
[Site "Trieste ITA"]
[Date "2011.09.08"]
[Round "7"]
[White "Samuelli, Daniele"]
[Black "Spiesberger, Gerhard"]
[WhiteElo "1940"]
[BlackElo "2149"]
[Result "0-1"]
[PlyCount "58"]
[EventDate "2011.09.03"]

1. e4 e5 2. Nf3 Nf6 3. d4 Nxe4 4. Bd3 d5 5. Nxe5 Nc6 6. Nxc6 bxc6 7. O-O Be7 8.
c4 O-O 9. f3 Ng5 10. c5 Bf6 11. Be3 Re8 12. Bf2 Rb8 13. Qc2 g6 14. Nc3 Bg7 15.
Rfe1 Ne6 16. Ne2 Bd7 17. Rab1 Qf6 18. Qd2 Ng5 19. Ng3 h5 20. Bf1 h4 21. Ne2 h3
22. Qf4 hxg2 23. Bxg2 Rxe2 24. Qxc7 Rxe1+ 25. Rxe1 Qd8 26. Qxa7 Ne6 27. Bh3
Rxb2 28. Qa4 Rxf2 29. Bxe6 Qh4 0-1

[Event "XIII Festival A"]
[Site "Trieste ITA"]
[Date "2011.09.08"]
[Round "7"]
[White "Schwarzmeier, Klaus"]
[Black "Gikas, Andreas Basilius"]
[WhiteElo "2020"]
[BlackElo "2192"]
[Result "0-1"]
[PlyCount "100"]
[EventDate "2011.09.03"]

1. c4 e5 2. g3 Nf6 3. Bg2 d5 4. cxd5 Nxd5 5. Nc3 Nb6 6. d3 Be7 7. Be3 O-O 8.
Rc1 Kh8 9. a3 f5 10. b4 Bf6 11. Qb3 c6 12. Nf3 Nd5 13. Nxd5 cxd5 14. d4 e4 15.
Ne5 Bxe5 16. dxe5 Nc6 17. Rd1 Be6 18. Qb2 Re8 19. O-O Qc7 20. Bf4 Qe7 21. f3
Bg8 22. Bh3 Be6 23. Bg2 Rad8 24. h4 h6 25. Bd2 Qc7 26. f4 d4 27. Kh2 Qb6 28. g4
Qb5 29. gxf5 Bxf5 30. e3 Qe2 31. Bc1 d3 32. Qd2 Qh5 33. Qf2 Bg4 34. Rd2 Bf5 35.
Rg1 Ne7 36. Qg3 Ng6 37. Bh3 Qxh4 38. Rdg2 Qxg3+ 39. Kxg3 Ne7 40. Bg4 Rc8 41.
Bb2 Rc6 42. Bh5 Rec8 43. Bd1 Be6 44. Bd4 Nf5+ 45. Kh2 a6 46. Rg6 Nxd4 47. exd4
e3 48. Bf3 Rc2+ 49. Kh1 Rf2 50. Rxe6 Rxf3 0-1

[Event "XIII Festival A"]
[Site "Trieste ITA"]
[Date "2011.09.08"]
[Round "7"]
[White "Srebrnic, Vojko"]
[Black "Milazzo, Mario"]
[WhiteElo "2244"]
[BlackElo "2077"]
[Result "1-0"]
[PlyCount "95"]
[EventDate "2011.09.03"]

1. e4 e5 2. Bc4 Nf6 3. d3 d5 4. exd5 Nxd5 5. Nf3 Nc6 6. O-O Nb6 7. Bb3 Bd6 8.
Ng5 Be6 9. Nxe6 fxe6 10. Qh5+ g6 11. Qg4 Nd4 12. Bg5 Qd7 13. Nd2 Nxb3 14. axb3
O-O 15. Ne4 Be7 16. Bxe7 Qxe7 17. Qg5 Qxg5 18. Nxg5 Rfe8 19. Rfe1 Nd7 20. Nf3
Kf7 21. Nxe5+ Nxe5 22. Rxe5 Kf6 23. Re4 a6 24. f4 Rad8 25. Kf2 Rd6 26. Ke3 e5
27. Rf1 Rde6 28. fxe5+ Kg7 29. d4 c5 30. Re1 cxd4+ 31. Kxd4 Rd8+ 32. Kc3 Rd5
33. b4 Kf7 34. R1e2 Ke7 35. Kc4 Rb5 36. c3 Rc6+ 37. Kb3 Rd5 38. Rd4 Ke6 39.
Rxd5 Kxd5 40. e6 Rc8 41. e7 Re8 42. c4+ Kd6 43. c5+ Kd7 44. Kc4 Rxe7 45. Rxe7+
Kxe7 46. b5 axb5+ 47. Kxb5 Kd7 48. Kb6 1-0

[Event "XIII Festival A"]
[Site "Trieste ITA"]
[Date "2011.09.08"]
[Round "7"]
[White "Timoshenko, Georgy"]
[Black "Doric, Darko"]
[WhiteElo "2572"]
[BlackElo "2504"]
[Result "1/2-1/2"]
[PlyCount "32"]
[EventDate "2011.09.03"]

1. e4 c5 2. Nf3 d6 3. d4 cxd4 4. Nxd4 Nf6 5. Nc3 Nc6 6. Bg5 e6 7. Qd2 a6 8.
O-O-O h6 9. Nxc6 bxc6 10. Bf4 d5 11. Qe3 Bb4 12. a3 Ba5 13. Be2 O-O 14. exd5
cxd5 15. Qg3 Bxc3 16. Qxc3 Bd7 1/2-1/2

[Event "XIII Festival A"]
[Site "Trieste ITA"]
[Date "2011.09.09"]
[Round "8"]
[White "Baklan, Vladimir"]
[Black "Narayanan, Srinath"]
[WhiteElo "2617"]
[BlackElo "2336"]
[Result "1-0"]
[PlyCount "103"]
[EventDate "2011.09.03"]

1. e4 c5 2. Nf3 d6 3. d4 cxd4 4. Nxd4 Nf6 5. Nc3 g6 6. g3 Nc6 7. Nde2 Bg7 8.
Bg2 O-O 9. O-O Rb8 10. a4 a6 11. Nd5 b5 12. axb5 axb5 13. Bg5 Nd7 14. Qc1 Re8
15. Rd1 Nc5 16. Bh6 Bh8 17. Be3 Bg4 18. f3 Bd7 19. h4 b4 20. h5 Be5 21. hxg6
hxg6 22. f4 Bg7 23. Bxc5 dxc5 24. e5 Qc8 25. Qe3 Bg4 26. Rd2 Nd8 27. Qe4 Bf5
28. Qc4 Bd7 29. Ra7 Bb5 30. Qe4 Nc6 31. Rc7 Qa6 32. c4 bxc3 33. Nexc3 Qa5 34.
Qe3 e6 35. Nxb5 Rxb5 36. Rxc6 exd5 37. Bxd5 Rxb2 38. Rxb2 Qa1+ 39. Kg2 Qxb2+
40. Kh3 Qd4 41. Qxd4 cxd4 42. Rc7 Rf8 43. Bc4 g5 44. Kg4 gxf4 45. gxf4 d3 46.
Bxd3 Rd8 47. Bc4 Rd4 48. Bxf7+ Kf8 49. Kg5 Rd1 50. Kg6 Re1 51. Kf5 Bh6 52. Kf6
1-0

[Event "XIII Festival A"]
[Site "Trieste ITA"]
[Date "2011.09.09"]
[Round "8"]
[White "Bozza, Stefano"]
[Black "Pasquotto, Mirko"]
[WhiteElo "1833"]
[BlackElo "1899"]
[Result "1/2-1/2"]
[PlyCount "67"]
[EventDate "2011.09.03"]

1. e4 c5 2. Nf3 d6 3. d4 cxd4 4. Nxd4 Nf6 5. Nc3 a6 6. a4 e6 7. Be2 Be7 8. O-O
O-O 9. Be3 Qc7 10. f4 Nc6 11. Qe1 Nxd4 12. Bxd4 e5 13. Be3 Qc6 14. Qg3 Kh8 15.
Bf3 Be6 16. fxe5 dxe5 17. Qxe5 Bd6 18. Qg5 Qc7 19. Qh4 Be5 20. Rad1 Rad8 21.
Rxd8 Rxd8 22. Be2 Bc4 23. Bxc4 Qxc4 24. Qg5 Bd4 25. e5 Qc5 26. Bxd4 Rxd4 27.
Qg3 Rd2+ 28. Kh1 Qc4 29. Qf4 Qxf4 30. Rxf4 Nd5 31. Rf1 Nxc3 32. bxc3 Rxc2 33.
h3 Kg8 34. Rb1 1/2-1/2

[Event "XIII Festival A"]
[Site "Trieste ITA"]
[Date "2011.09.09"]
[Round "8"]
[White "Cebalo, Miso"]
[Black "Chatalbashev, Boris"]
[WhiteElo "2478"]
[BlackElo "2566"]
[Result "0-1"]
[PlyCount "82"]
[EventDate "2011.09.03"]

1. c4 Nf6 2. g3 c6 3. Bg2 d5 4. Nf3 dxc4 5. O-O Nbd7 6. Qc2 Nb6 7. a4 a5 8. Na3
Be6 9. Ng5 Bg4 10. Nxc4 Bxe2 11. Ne5 Bh5 12. b4 e6 13. b5 Bd6 14. Bb2 Bxe5 15.
Bxe5 Bg6 16. Qa2 Nbd5 17. bxc6 bxc6 18. Rac1 O-O 19. Qa1 Rc8 20. h4 Nb4 21. Nh3
Bd3 22. Rfd1 Qe7 23. Nf4 Rfd8 24. Nxd3 Nxd3 25. Rc4 Qa7 26. Bd4 Qa6 27. Bxf6
Qxc4 28. Bxd8 Rxd8 29. Qc3 Qxa4 30. Ra1 Qb4 31. Qxc6 Qd4 32. Rf1 a4 33. Be4 Ne5
34. Qc7 a3 35. d3 f5 36. Bg2 Nxd3 37. Qa5 f4 38. Kh2 Rf8 39. Rd1 f3 40. Bf1
Qxf2+ 41. Kh3 Qg1 0-1

[Event "XIII Festival A"]
[Site "Trieste ITA"]
[Date "2011.09.09"]
[Round "8"]
[White "Doric, Darko"]
[Black "Oparin, Grigoriy"]
[WhiteElo "2504"]
[BlackElo "2413"]
[Result "1/2-1/2"]
[PlyCount "128"]
[EventDate "2011.09.03"]

1. d4 d5 2. c4 e6 3. Nc3 Be7 4. cxd5 exd5 5. Bf4 Nf6 6. e3 Bf5 7. Nge2 O-O 8.
Rc1 c6 9. Ng3 Be6 10. Bd3 Re8 11. O-O g6 12. Re1 Bf8 13. Qb3 Qb6 14. Qc2 Nbd7
15. h3 Rac8 16. a3 a5 17. Na4 Qd8 18. Ne2 b5 19. Nac3 a4 20. e4 dxe4 21. Nxe4
Nxe4 22. Bxe4 Nf6 23. Bd3 Bb3 24. Qd2 Ne4 25. Bxe4 Rxe4 26. Be3 Bg7 27. f3 Re6
28. Kh1 Qd7 29. Nc3 f5 30. Re2 Rce8 31. Bg1 c5 32. Rxe6 Rxe6 33. d5 b4 34. axb4
cxb4 35. Nxa4 Bxa4 36. dxe6 Qxd2 37. Rc8+ Bf8 38. e7 Qd6 39. exf8=Q+ Qxf8 40.
Rxf8+ Kxf8 41. Bc5+ Kf7 42. Bxb4 f4 43. Bd2 g5 44. g3 Bc6 45. Kg2 h5 46. gxf4
g4 47. Kg3 gxf3 48. Be3 Kg6 49. b4 Kf5 50. Kh4 Be8 51. Kg3 Bc6 52. Bf2 Kg6 53.
Be1 Kf5 54. Bf2 Kg6 55. Be3 Kf5 56. Bg1 Ke4 57. Kh4 Kxf4 58. Kxh5 Kg3 59. h4 f2
60. Bxf2+ Kxf2 61. Kg5 Ke3 62. h5 Kd4 63. h6 Be4 64. Kf4 Bb1 1/2-1/2

[Event "XIII Festival A"]
[Site "Trieste ITA"]
[Date "2011.09.09"]
[Round "8"]
[White "Erdos, Viktor"]
[Black "Golod, Vitali"]
[WhiteElo "2608"]
[BlackElo "2579"]
[Result "1-0"]
[PlyCount "119"]
[EventDate "2011.09.03"]

1. d4 d5 2. Nf3 Nf6 3. c4 dxc4 4. e3 e6 5. Bxc4 c5 6. Qe2 a6 7. dxc5 Bxc5 8.
Nbd2 Nbd7 9. O-O O-O 10. e4 Qc7 11. Nb3 b5 12. Bd3 Bb7 13. Bg5 Bb6 14. Rac1 Qb8
15. Bb1 h6 16. Bd2 e5 17. Nh4 Rc8 18. Nf5 Rxc1 19. Rxc1 h5 20. Ne7+ Kh8 21. Na5
Qf8 22. Nf5 Bxa5 23. Bxa5 g6 24. Nh4 Rc8 25. Rd1 Qc5 26. Qe1 Qc6 27. Nf3 Kg8
28. h3 Nc5 29. Nxe5 Qe6 30. Nf3 Ncxe4 31. Nd4 Qe8 32. f3 Nd6 33. Qxe8+ Rxe8 34.
b3 Nd5 35. Bd3 Rc8 36. Kf2 Ne8 37. Ne2 Nef6 38. g4 hxg4 39. hxg4 Nd7 40. Bb1
Re8 41. Nc3 N7f6 42. Nxd5 Nxd5 43. Be4 Re5 44. Rd4 g5 45. Bd2 Kf8 46. Bc1 Ke8
47. Rd2 Rxe4 48. fxe4 Nf6 49. Re2 Kf8 50. e5 Nxg4+ 51. Kg3 Nh6 52. Bxg5 Nf5+
53. Kf2 Nd4 54. Rd2 Ne6 55. Bf6 a5 56. Ke3 a4 57. bxa4 bxa4 58. Rb2 Bc6 59.
Rb8+ Be8 60. Rc8 1-0

[Event "XIII Festival A"]
[Site "Trieste ITA"]
[Date "2011.09.09"]
[Round "8"]
[White "Fruehauf, Norbert"]
[Black "Butala, Marjan"]
[WhiteElo "2078"]
[BlackElo "2074"]
[Result "1/2-1/2"]
[PlyCount "73"]
[EventDate "2011.09.03"]

1. e4 Nf6 2. e5 Nd5 3. d4 d6 4. Nf3 Bg4 5. Be2 e6 6. O-O Be7 7. c4 Nb6 8. Nc3
Nc6 9. Be3 O-O 10. exd6 cxd6 11. d5 Bxf3 12. Bxf3 Ne5 13. b3 Nxf3+ 14. Qxf3 e5
15. Qe2 f5 16. f3 a6 17. a4 Qc7 18. Kh1 Nd7 19. Rab1 Rac8 20. f4 Bf6 21. fxe5
Bxe5 22. Qd3 Nc5 23. Bxc5 Qxc5 24. Ne2 f4 25. Rf3 g5 26. h3 b5 27. axb5 axb5
28. cxb5 Qb4 29. Rc1 Rxc1+ 30. Nxc1 Rc8 31. Rf1 Rc5 32. Qf5 Qxb5 33. Qxg5+ Kh8
34. Qd8+ Kg7 35. Qg5+ Kh8 36. Qd8+ Kg7 37. Qg5+ 1/2-1/2

[Event "XIII Festival A"]
[Site "Trieste ITA"]
[Date "2011.09.09"]
[Round "8"]
[White "Grigorov, Grigor"]
[Black "Ceschia, Ivano"]
[WhiteElo "2484"]
[BlackElo "2316"]
[Result "1-0"]
[PlyCount "89"]
[EventDate "2011.09.03"]

1. d4 d5 2. Nf3 e6 3. c4 c5 4. cxd5 exd5 5. g3 Nf6 6. Bg2 Nc6 7. O-O Be7 8. Nc3
O-O 9. dxc5 Bxc5 10. Na4 Be7 11. Be3 Re8 12. Rc1 h6 13. Nd4 Bd7 14. Nc5 Nxd4
15. Bxd4 Bc6 16. e3 Qa5 17. a3 Rad8 18. Re1 Ne4 19. Nd3 Bf6 20. Bxf6 Nxf6 21.
Nb4 Qb6 22. Re2 a5 23. Nxc6 bxc6 24. Qc2 Rd6 25. Qc5 Qd8 26. Qd4 Ne4 27. Qa4
Qb6 28. Rec2 Ree6 29. b4 axb4 30. axb4 Nf6 31. Bh3 Re4 32. Rxc6 Rxc6 33. Rxc6
Qxb4 34. Rc8+ Kh7 35. Bf5+ g6 36. Qc6 Qe1+ 37. Kg2 Kg7 38. Bxe4 Nxe4 39. Qc2 g5
40. Qb2+ Kg6 41. Rg8+ Kf5 42. g4+ Ke6 43. Qb6+ Kd7 44. Qb7+ Kd6 45. Rd8+ 1-0

[Event "XIII Festival A"]
[Site "Trieste ITA"]
[Date "2011.09.09"]
[Round "8"]
[White "Ivanovic, Andrej"]
[Black "Milazzo, Mario"]
[WhiteElo "2016"]
[BlackElo "2077"]
[Result "0-1"]
[PlyCount "56"]
[EventDate "2011.09.03"]

1. d4 f5 2. Nf3 Nf6 3. Bf4 d6 4. h3 e6 5. e3 Be7 6. Be2 O-O 7. Nbd2 Qe8 8. c3
Nc6 9. Qb3 Kh8 10. O-O-O a5 11. g4 a4 12. Qc2 Nd5 13. Bh2 a3 14. b3 Ndb4 15.
cxb4 Nxb4 16. Qb1 Qc6+ 17. Nc4 b5 18. Kd2 bxc4 19. Rc1 Ba6 20. bxc4 Rab8 21.
Ke1 Qe4 22. Qxe4 fxe4 23. Nd2 Nxa2 24. Ra1 Rb2 25. Bd1 Nb4 26. Rxa3 Nd3+ 27.
Rxd3 exd3 28. f4 Bh4+ 0-1

[Event "XIII Festival A"]
[Site "Trieste ITA"]
[Date "2011.09.09"]
[Round "8"]
[White "Khmelniker, Ilya"]
[Black "Volkov, Sergey"]
[WhiteElo "2518"]
[BlackElo "2614"]
[Result "1/2-1/2"]
[PlyCount "23"]
[EventDate "2011.09.03"]

1. d4 d5 2. Nf3 Nf6 3. c4 c6 4. Nc3 a6 5. e3 b5 6. b3 Bg4 7. Be2 e6 8. h3 Bf5
9. O-O Nbd7 10. Bb2 Be7 11. Rc1 Qb8 12. cxd5 1/2-1/2

[Event "XIII Festival A"]
[Site "Trieste ITA"]
[Date "2011.09.09"]
[Round "8"]
[White "Martinsen, Stig K."]
[Black "Franca, Veronika"]
[WhiteElo "2173"]
[BlackElo "1833"]
[Result "1-0"]
[PlyCount "53"]
[EventDate "2011.09.03"]

1. d4 Nf6 2. c4 g6 3. Nc3 Bg7 4. e4 d6 5. f3 O-O 6. Bg5 c5 7. d5 e6 8. Qd2 exd5
9. cxd5 h6 10. Be3 Na6 11. Nge2 Bd7 12. Ng3 Kh7 13. Be2 Rb8 14. O-O Qe7 15. a4
Nb4 16. f4 Rfc8 17. Rae1 Be8 18. e5 dxe5 19. fxe5 Nd7 20. Bg4 h5 21. Bg5 Bh6
22. Bxh6 hxg4 23. Bg5 Qf8 24. e6 Nb6 25. exf7 Bxa4 26. Nge4 Nc2 27. Qf2 1-0

[Event "XIII Festival A"]
[Site "Trieste ITA"]
[Date "2011.09.09"]
[Round "8"]
[White "Mertens, Heiko"]
[Black "Castelfranchi, Carlo"]
[WhiteElo "2354"]
[BlackElo "2057"]
[Result "1/2-1/2"]
[PlyCount "79"]
[EventDate "2011.09.03"]

1. c4 Nf6 2. Nc3 d5 3. d4 g6 4. Bg5 Ne4 5. Bf4 Nxc3 6. bxc3 Bg7 7. e3 O-O 8.
Nf3 c5 9. Be2 Nc6 10. O-O dxc4 11. Bxc4 Bf5 12. Rc1 cxd4 13. cxd4 Rc8 14. Re1
Be4 15. Be2 Nb4 16. Qa4 Qb6 17. Rxc8 Rxc8 18. Ne5 Nd5 19. Bc4 Bxe5 20. Bxe5 Qb4
21. Qxb4 Nxb4 22. Bb3 Nd3 23. Rd1 Nxe5 24. dxe5 Bc2 25. Rc1 Bf5 26. Rxc8+ Bxc8
27. a3 Kf8 28. e4 e6 29. f4 Ke7 30. Kf2 b6 31. Ke3 h6 32. Kd4 Bd7 33. Bc4 Ba4
34. Be2 Bc6 35. h4 h5 36. g3 Kd7 37. Ke3 Ke7 38. f5 Ba4 39. Bd3 Bd7 40. f6+
1/2-1/2

[Event "XIII Festival A"]
[Site "Trieste ITA"]
[Date "2011.09.09"]
[Round "8"]
[White "Mocchi, Tullio"]
[Black "Timoshenko, Georgy"]
[WhiteElo "2259"]
[BlackElo "2572"]
[Result "1/2-1/2"]
[PlyCount "147"]
[EventDate "2011.09.03"]

1. e4 c5 2. Nf3 d6 3. d4 cxd4 4. Nxd4 Nf6 5. Nc3 a6 6. Bg5 e6 7. f4 Nbd7 8. Qf3
Qc7 9. O-O-O b5 10. Bd3 Bb7 11. Rhe1 Qb6 12. Nd5 Qxd4 13. Nc7+ Kd8 14. Nxa8 Qc5
15. Qe2 Bxa8 16. e5 dxe5 17. Be4 exf4 18. Bxf6+ gxf6 19. Bxa8 Bd6 20. Rd3 Ke7
21. Red1 Rxa8 22. Rxd6 Ne5 23. R6d4 Ng6 24. Qf3 Ra7 25. Rd8 f5 26. Kb1 Rc7 27.
c3 b4 28. Ra8 a5 29. Qd3 Kf6 30. Qd4+ Ne5 31. Qxf4 bxc3 32. Qh4+ Kg7 33. Qg3+
Ng4 34. Qxc3+ Qxc3 35. bxc3 Nxh2 36. Rxa5 Rxc3 37. a4 Ng4 38. Rb5 Ne3 39. Re1
Ra3 40. a5 Ra4 41. Kb2 Nc4+ 42. Kb3 Rxa5 43. Kxc4 Ra2 44. g3 Rg2 45. Re3 h5 46.
Rf3 h4 47. gxh4 Rg4+ 48. Kd3 Rxh4 49. Ke3 Kf6 50. Kf2 Ra4 51. Rb7 Ra2+ 52. Kg3
Ra1 53. Rc3 Ra8 54. Rcc7 Rg8+ 55. Kf3 Rg7 56. Ke3 Rh7 57. Kd4 Rh4+ 58. Kc5 Rh7
59. Kd6 Rg7 60. Re7 f4 61. Rec7 Rh7 62. Kc5 Ke5 63. Rb1 f3 64. Rd7 Kf4 65. Rd4+
Kg3 66. Kc4 e5 67. Re4 f6 68. Rg1+ Kf2 69. Rg6 Rc7+ 70. Kd5 Rd7+ 71. Kc5 Rd4
72. Rxd4 exd4 73. Kxd4 Ke2 74. Rxf6 1/2-1/2

[Event "XIII Festival A"]
[Site "Trieste ITA"]
[Date "2011.09.09"]
[Round "8"]
[White "Srebrnic, Vojko"]
[Black "Bensch, Patrick"]
[WhiteElo "2244"]
[BlackElo "2175"]
[Result "1/2-1/2"]
[PlyCount "86"]
[EventDate "2011.09.03"]

1. e4 c5 2. Nc3 Nc6 3. f4 g6 4. Nf3 Bg7 5. Bb5 Nd4 6. O-O e6 7. e5 Ne7 8. Nxd4
cxd4 9. Ne4 O-O 10. b3 f6 11. exf6 Bxf6 12. Nxf6+ Rxf6 13. Bb2 Qb6 14. Bd3 d6
15. Qe1 Bd7 16. a4 a5 17. Qf2 e5 18. Qh4 Raf8 19. fxe5 dxe5 20. Rxf6 Qxf6 21.
Qxf6 Rxf6 22. Re1 Nc6 23. Be4 Bf5 24. Bd5+ Kf8 25. c3 Bc2 26. Bc4 Rf4 27. Rc1
d3 28. Rf1 Rxf1+ 29. Kxf1 e4 30. Ba3+ Kg7 31. Bc5 Kf6 32. Kf2 Ne5 33. Bd4 Kf5
34. Bxe5 Kxe5 35. Ke3 b6 36. Bg8 h6 37. Bf7 g5 38. g3 Bd1 39. Bg8 Bc2 40. h4
Bd1 41. hxg5 hxg5 42. Bf7 Bc2 43. Bg8 Bd1 1/2-1/2

[Event "XIII Festival A"]
[Site "Trieste ITA"]
[Date "2011.09.09"]
[Round "8"]
[White "Suc, Timothy"]
[Black "Schwarzmeier, Klaus"]
[WhiteElo "2053"]
[BlackElo "2020"]
[Result "1/2-1/2"]
[PlyCount "77"]
[EventDate "2011.09.03"]

1. e4 e6 2. d4 d5 3. Nc3 Bb4 4. exd5 exd5 5. Bd3 Nf6 6. Nge2 O-O 7. O-O Nbd7 8.
Ng3 Re8 9. Qf3 c6 10. Bf4 Nf8 11. Be5 Be7 12. Rae1 Ng6 13. Nh5 Nxe5 14. Rxe5
Be6 15. Ne2 Nxh5 16. Qxh5 g6 17. Qh6 Bf8 18. Qd2 Bg7 19. Re3 Bh6 20. f4 Qd7 21.
Ng3 f6 22. Qf2 Bf7 23. Rfe1 Rxe3 24. Rxe3 Re8 25. Ne2 Rxe3 26. Qxe3 Qe6 27. Kf2
Qxe3+ 28. Kxe3 Kf8 29. g4 b6 30. h4 Ke7 31. g5 Bg7 32. Ng1 c5 33. c3 fxg5 34.
hxg5 Be8 35. Nf3 Bd7 36. Ne5 Kd6 37. Nf7+ Ke7 38. Ne5 Kd6 39. Nf7+ 1/2-1/2

[Event "XIII Festival A"]
[Site "Trieste ITA"]
[Date "2011.09.09"]
[Round "8"]
[White "Tonel, Giulia"]
[Black "Samuelli, Daniele"]
[WhiteElo "1923"]
[BlackElo "1940"]
[Result "1-0"]
[PlyCount "65"]
[EventDate "2011.09.03"]

1. e4 e6 2. Nf3 d5 3. Nc3 d4 4. Ne2 c5 5. c3 Nc6 6. cxd4 cxd4 7. Qa4 Bc5 8. b4
Bxb4 9. Nexd4 Qa5 10. Qxa5 Nxa5 11. Rb1 Be7 12. Bb5+ Bd7 13. Bxd7+ Kxd7 14.
Ne5+ Ke8 15. Nb5 Bf6 16. Nd6+ Ke7 17. Nexf7 Nh6 18. Nxh6 gxh6 19. Ba3 Kd7 20.
O-O b6 21. Rbc1 Be7 22. e5 Nc6 23. f4 Rhf8 24. g3 a6 25. Kg2 b5 26. Rf3 b4 27.
Rd3 Nxe5 28. fxe5 bxa3 29. Nb5+ Ke8 30. Nc7+ Kf7 31. Nxa8 Rxa8 32. Rc7 Ke8 33.
Rdd7 1-0

[Event "XIII Festival A"]
[Site "Trieste ITA"]
[Date "2011.09.10"]
[Round "9"]
[White "Bensch, Patrick"]
[Black "Tonel, Giulia"]
[WhiteElo "2175"]
[BlackElo "1923"]
[Result "1/2-1/2"]
[PlyCount "93"]
[EventDate "2011.09.03"]

1. e4 d6 2. d4 Nf6 3. Nc3 g6 4. g3 Bg7 5. Bg2 Nbd7 6. Nge2 O-O 7. O-O Rb8 8. a4
a5 9. h3 c6 10. f4 e5 11. Be3 Qc7 12. g4 b5 13. axb5 cxb5 14. g5 Ne8 15. f5 f6
16. h4 Nb6 17. Nxb5 Qd7 18. Qd3 gxf5 19. gxf6 Nxf6 20. exf5 e4 21. Qb3+ d5 22.
Bf4 Nc4 23. Bxb8 Nd2 24. Qc3 Nxf1 25. Rxa5 Ba6 26. Bd6 Rc8 27. Bc5 Bxb5 28.
Bxf1 Bxe2 29. Bxe2 Qxf5 30. Ra1 Kh8 31. Rf1 Qg6+ 32. Kh1 Bh6 33. Qh3 Rg8 34.
Be7 Nh5 35. Bg5 Bxg5 36. hxg5 Ng7 37. Qh6 Nf5 38. Qxg6 hxg6 39. Rf2 Nxd4 40.
Bg4 Rb8 41. Rd2 Nf5 42. b3 Rd8 43. c3 Kg7 44. Kg2 Rc8 45. Bxf5 gxf5 46. Rxd5
Rxc3 47. Rxf5 1/2-1/2

[Event "XIII Festival A"]
[Site "Trieste ITA"]
[Date "2011.09.10"]
[Round "9"]
[White "Bozza, Stefano"]
[Black "Fruehauf, Norbert"]
[WhiteElo "1833"]
[BlackElo "2078"]
[Result "0-1"]
[PlyCount "94"]
[EventDate "2011.09.03"]

1. e4 d5 2. exd5 Nf6 3. Bb5+ Bd7 4. Bxd7+ Qxd7 5. c4 c6 6. dxc6 Nxc6 7. Nf3
O-O-O 8. O-O e5 9. Nc3 Qg4 10. b3 Bd6 11. h3 Qf5 12. Nb5 Bb8 13. Bb2 a6 14. Rc1
Nb4 15. Nc3 Nd3 16. Rc2 e4 17. Ne1 Qf4 18. g3 Qg5 19. Nxd3 exd3 20. Rc1 Bxg3
21. Kh1 Qh6 22. Kg2 Bf4 23. Qf3 Rhe8 24. Rce1 Rxe1 25. Rxe1 Qg6+ 26. Kh1 Bxd2
27. Re7 Rd7 28. Rxd7 Nxd7 29. Ne4 Ba5 30. Qxd3 Bc7 31. Ba3 Ne5 32. Nd6+ Bxd6
33. Qxg6 Nxg6 34. Bxd6 Nh4 35. Be5 g6 36. Bc3 Kd7 37. Kh2 Nf5 38. Kg2 Ke6 39.
Kf3 Nd6 40. Kf4 f6 41. a4 h5 42. a5 g5+ 43. Kf3 Kf5 44. Bb4 Nf7 45. Be7 Ne5+
46. Ke3 Nc6 47. Bd6 Nxa5 0-1

[Event "XIII Festival A"]
[Site "Trieste ITA"]
[Date "2011.09.10"]
[Round "9"]
[White "Butala, Marjan"]
[Black "Ivanovic, Andrej"]
[WhiteElo "2074"]
[BlackElo "2016"]
[Result "0-1"]
[PlyCount "74"]
[EventDate "2011.09.03"]

1. c4 Nf6 2. Nf3 e6 3. g3 c5 4. Bg2 Qc7 5. b3 Be7 6. Bb2 O-O 7. O-O a6 8. d3 d6
9. e4 e5 10. h3 Nc6 11. Nc3 Bd7 12. Bc1 h6 13. Be3 Nd4 14. Ne1 b5 15. f4 b4 16.
Bxd4 cxd4 17. Ne2 a5 18. Nf3 Nh7 19. g4 a4 20. Qd2 Ra7 21. Rab1 Rfa8 22. Rb2
axb3 23. axb3 Qc5 24. Ng3 Ra1 25. Nf5 Bxf5 26. gxf5 Nf6 27. fxe5 dxe5 28. Kf2
R1a3 29. Rg1 Nh5 30. Bf1 Nf4 31. Rg4 Bf6 32. Rxf4 exf4 33. Qxf4 Ra2 34. Re2
Rxe2+ 35. Bxe2 Ra5 36. e5 Bxe5 37. Qe4 Bf6 0-1

[Event "XIII Festival A"]
[Site "Trieste ITA"]
[Date "2011.09.10"]
[Round "9"]
[White "Castelfranchi, Carlo"]
[Black "Rossi, Carlo"]
[WhiteElo "2057"]
[BlackElo "2346"]
[Result "1-0"]
[PlyCount "51"]
[EventDate "2011.09.03"]

1. e4 f5 2. exf5 Nf6 3. d4 d5 4. Bd3 c5 5. c3 Nc6 6. Nf3 e6 7. fxe6 cxd4 8.
Nxd4 Nxd4 9. cxd4 Bxe6 10. Bf4 Bb4+ 11. Nd2 O-O 12. O-O Qb6 13. Be5 Ng4 14. Nf3
g6 15. Ng5 Nxe5 16. dxe5 Bc5 17. Nxh7 Bxf2+ 18. Kh1 Rf4 19. Nf6+ Kg7 20. Nh5+
gxh5 21. Qxh5 Bf5 22. Qg5+ Qg6 23. Qxf4 Bxd3 24. Rxf2 Be4 25. Rc1 Re8 26. Rc3
1-0

[Event "XIII Festival A"]
[Site "Trieste ITA"]
[Date "2011.09.10"]
[Round "9"]
[White "Chatalbashev, Boris"]
[Black "Erdos, Viktor"]
[WhiteElo "2566"]
[BlackElo "2608"]
[Result "1/2-1/2"]
[PlyCount "27"]
[EventDate "2011.09.03"]

1. d4 d5 2. Nf3 Nf6 3. c4 e6 4. Bg5 h6 5. Bxf6 Qxf6 6. Nbd2 Be7 7. g3 c5 8. Bg2
cxd4 9. cxd5 exd5 10. O-O O-O 11. Nb3 d3 12. Qxd3 Qxb2 13. Nfd4 Nc6 14. Rab1
1/2-1/2

[Event "XIII Festival A"]
[Site "Trieste ITA"]
[Date "2011.09.10"]
[Round "9"]
[White "Gikas, Andreas Basilius"]
[Black "Cebalo, Miso"]
[WhiteElo "2192"]
[BlackElo "2478"]
[Result "1-0"]
[PlyCount "61"]
[EventDate "2011.09.03"]

1. e4 c5 2. Nf3 d6 3. d4 cxd4 4. Nxd4 Nf6 5. Nc3 g6 6. Be2 Bg7 7. O-O O-O 8.
Kh1 Nc6 9. Nb3 Be6 10. f4 Rc8 11. f5 Bd7 12. g4 Ne5 13. g5 Ne8 14. Be3 Nc4 15.
Bxc4 Rxc4 16. Nd4 b5 17. Qd3 Be5 18. Rad1 Ng7 19. Ndxb5 Rb4 20. f6 exf6 21.
gxf6 Nh5 22. Nxd6 Bh3 23. Bc5 Bxf1 24. Qxf1 Bxc3 25. bxc3 Ra4 26. Nxf7 Qa8 27.
Nh6+ Kh8 28. Bxf8 Rxe4 29. Bg7+ Nxg7 30. Nf7+ Kg8 31. Rd8+ 1-0

[Event "XIII Festival A"]
[Site "Trieste ITA"]
[Date "2011.09.10"]
[Round "9"]
[White "Golod, Vitali"]
[Black "Ceschia, Ivano"]
[WhiteElo "2579"]
[BlackElo "2316"]
[Result "1-0"]
[PlyCount "71"]
[EventDate "2011.09.03"]

1. d4 Nf6 2. c4 e6 3. Nc3 Bb4 4. Qc2 O-O 5. a3 Bxc3+ 6. Qxc3 d5 7. Nf3 b6 8.
Bg5 dxc4 9. Qxc4 Ba6 10. Qc2 Nbd7 11. e4 Bxf1 12. Rxf1 Qc8 13. O-O-O Qb7 14.
Rfe1 c5 15. d5 exd5 16. exd5 Rfe8 17. d6 Rxe1 18. Rxe1 Qd5 19. Rd1 Qe6 20. Bxf6
Nxf6 21. Qa4 h6 22. h3 Qd7 23. Qxd7 Nxd7 24. Re1 Rd8 25. Re7 a6 26. Nd2 b5 27.
a4 c4 28. Kc2 Nb6 29. axb5 axb5 30. Re5 b4 31. Ne4 Na4 32. Rb5 b3+ 33. Kc1 Ra8
34. g4 g6 35. d7 Kf8 36. Ra5 1-0

[Event "XIII Festival A"]
[Site "Trieste ITA"]
[Date "2011.09.10"]
[Round "9"]
[White "Milazzo, Mario"]
[Black "Mertens, Heiko"]
[WhiteElo "2077"]
[BlackElo "2354"]
[Result "1/2-1/2"]
[PlyCount "90"]
[EventDate "2011.09.03"]

1. c4 c5 2. Nc3 Nf6 3. e4 Nc6 4. g3 d6 5. Bg2 g6 6. d3 Bg7 7. Nge2 O-O 8. O-O
a6 9. h3 Rb8 10. Be3 e5 11. Qd2 b5 12. b3 Nd4 13. f4 exf4 14. Nxf4 Nd7 15. Rad1
Ne5 16. Nce2 Nec6 17. Nxd4 Nxd4 18. Ne2 Nxe2+ 19. Qxe2 f5 20. Kh2 Qe7 21. Qd2
Re8 22. Bg5 Qc7 23. exf5 Bxf5 24. Bd5+ Kh8 25. Rde1 Qd7 26. g4 Be6 27. Qg2 Bxd5
28. Qxd5 Re5 29. Rxe5 Bxe5+ 30. Kg2 Kg7 31. Be3 Qb7 32. Qxb7+ Rxb7 33. Rf3 a5
34. cxb5 Rxb5 35. Rf2 a4 36. bxa4 Ra5 37. Bf4 Rxa4 38. Bxe5+ dxe5 39. Rc2 Kf6
40. Rxc5 Rxa2+ 41. Kf3 Rh2 42. Kg3 Rd2 43. Rd5 Ke6 44. Rd8 g5 45. Kf3 Rh2
1/2-1/2

[Event "XIII Festival A"]
[Site "Trieste ITA"]
[Date "2011.09.10"]
[Round "9"]
[White "Mocchi, Tullio"]
[Black "Doric, Darko"]
[WhiteElo "2259"]
[BlackElo "2504"]
[Result "0-1"]
[PlyCount "80"]
[EventDate "2011.09.03"]

1. e4 c5 2. Nf3 d6 3. d4 Nf6 4. Nc3 cxd4 5. Nxd4 Nc6 6. Bg5 e6 7. Qd2 a6 8.
O-O-O h6 9. Be3 Nxd4 10. Bxd4 b5 11. e5 dxe5 12. Bxe5 Qxd2+ 13. Rxd2 Bb4 14. f3
Bb7 15. Be2 O-O 16. Rd3 Nd5 17. Nxd5 Bxd5 18. a3 Be7 19. Rhd1 f6 20. Bc3 Rfc8
21. Bb4 Bd8 22. Rc3 Bc7 23. g3 g5 24. Rcd3 Bb6 25. b3 Ra7 26. Bc3 Rac7 27. Kb2
Ba5 28. b4 Bb6 29. R1d2 Bf2 30. Rd1 Kf7 31. Bf1 Ke7 32. Bh3 f5 33. Bg2 Rc6 34.
R3d2 Be3 35. Rd3 f4 36. g4 R6c7 37. Bh1 Bc4 38. Be5 Bxd3 39. Bxc7 Bxc2 40. Bd6+
Kd7 0-1